| 000 | 00329nam a2200133Ia 4500 | ||
|---|---|---|---|
| 008 | 231129s2002||||xx |||||||||||||| ||spa|| | ||
| 020 | _a9/1/59 | ||
| 040 | _bspa | ||
| 082 | _a306 I31 | ||
| 245 | 0 | _aImaginarios de nacion: pensar en medio de la tormenta | |
| 260 | _c2002 | ||
| 264 | _aMinisterio de Cultura | ||
| 942 |
_2ddc _cBKS |
||
| 999 |
_c15606 _d15606 |
||